000 00705nam a22002417a 4500
008
020 _a083850583X (pbk.)
049 _aMAIN
090 _aQR181
245 0 0 _aBasic and clinical immunology/
_cedited by Daniel P. Stites, Abba I. Terr and Tristram G. Parslow.
250 _a8th ed.
260 _aLondon :
_bPrentice-Hall,
_cc1994.
300 _axviii, 870 p. :
_bill. ;
_c25cm.
653 0 _aHumans
_aImmunology
700 1 _aStites, Daniel P.
700 1 _aParslow, Tristram G.
700 1 _aTerr, Abba I.
907 _a.b10055551
_b16-01-06
_c17-04-03
003
005 20230120203825.0
040 _cNUST
942 _cBOOKS
_kQR181
999 _c112116
_d112116